00517 2200193 4500001002100000005001500021035002000036007000300056008004100059020002200100082001000122084001600132100002100148245003700169250001100206260004000217300004600257650002000303INLIS00000000000037920221028014843 a0010-1022000121ta221028 a 1 ind  a978-602-252-335-2 a741.5 a741.5 ANI c0 aAnies Listyowati1 aCici Mimisan /cAnies Listyowati aCet. I aJakarta :bErlangga For Kids,c2020 a22 halaman :bilustrasi berwarna ;c23 cm 4aSeri Anak Sehat